00952nam a22002177a 4500008004100000020001800041020001500059050002500074100002300099245009400122250001200216260007000228300003300298500003700331650004400368650007000412650008200482650006800564650008100632700002100713160929b xxu||||| |||| 00| 0 eng d a9780130196187 a0130196185 aLC 1099.3b.G64 2002 aGollnick, Donna M. aMulticultural education in a pluralistic society/cDonna M. Gollnick and Philip C. Chinn. a6th ed. aNew Jersey (Upper Saddle River) :bMerrill Prentice-Hall ,c2002. axxii, 362p. :bill. ;c23cm. aIncludes bibliography and index. aMulticultural educationxUnited states. aSocial sciences xstudy and teaching (elementary)yUnited states. aPluralism (social sciences) xstudy and teaching (elementary)yUnited states. aSocial sciencesvstudy and teaching (secondary)xUnited states. aPluralism (social sciences) xstudy and teaching (secondary)yUnited states. aChinn, Philip C.